| 000 | 00744 a2200169 4500 | ||
|---|---|---|---|
| 003 | Nust | ||
| 005 | 20230213115336.0 | ||
| 040 | _cNust | ||
| 082 | _a973.53,BAR | ||
| 100 |
_aBarnby.H.G _9108975 |
||
| 245 |
_aThe Prisoners of Algiers / _cH G Barnby |
||
| 260 |
_aLondon _bN Y _c Oxford |
||
| 300 | _a342:p | ||
| 505 | _aThe Capture (Page-1), Algerian Origins (Page-11), Slaves (Page-26), Palaces and Prisons (Page-39), Janizaries (Page-58), Deaths and Failures (Page-66), Second Assault (Page-104), Diplomatic Overtures (Page-123), Apparent Success (Page-155), A new Face (Page-188), Financial Difficulties (Page-207), A Change of Envoys (Page-230), Release (Page-264), Conclusion (Page-302). | ||
| 650 |
_aUS War _9108976 |
||
| 942 |
_2ddc _cBK |
||
| 999 |
_c187523 _d187523 |
||